Интенсивная терапия (Запись № 4517339)
[ простой вид ]
| 000 -МАРКЕР | |
|---|---|
| контрольное поле | 01382nam0a2200337 i 4500 |
| 001 - ИДЕНТИФИКАТОР ЗАПИСИ | |
| контрольное поле | RU\NLR\bibl\2036377 |
| 005 - ИДЕНТИФИКАТОР ВЕРСИИ | |
| контрольное поле | 20240723102714.0 |
| 010 ## - МЕЖДУНАРОДНЫЙ СТАНДАРТНЫЙ НОМЕР КНИГИ (ISBN) | |
| Номер (ISBN) | 9785892081115 |
| Тираж | 1000 |
| 021 ## - НОМЕР ГОСУДАРСТВЕННОЙ РЕГИСТРАЦИИ | |
| Код страны | российская федерация |
| Номер | 2013-32622 |
| Номер Листа государственной регистраци | 2236 |
| 035 ## - ДРУГИЕ СИСТЕМНЫЕ НОМЕРА | |
| Идентификатор записи | (NLR Aleph) 002023809 |
| 100 ## - ДАННЫЕ ОБЩЕЙ ОБРАБОТКИ | |
| Данные общей обработки | 20131026d2012 u||y0rusy50 ca |
| 101 2# - ЯЗЫК РЕСУРСА | |
| Язык текста, звукозаписи и т.д. | польский |
| -- | русский |
| Язык оглавления | польский |
| -- | русский |
| -- | русский |
| 102 ## - СТРАНА ПУБЛИКАЦИИ ИЛИ ПРОИЗВОДСТВА | |
| Страна публикации | российская федерация |
| 105 ## - ПОЛЕ КОДИРОВАННЫХ ДАННЫХ: ТЕКСТОВЫЕ МАТЕРИАЛЫ, МОНОГРАФИЧЕСКИЕ | |
| Кодированные данные о монографическом текстовом документе | y ||||||||| |
| 200 1# - ЗАГЛАВИЕ И СВЕДЕНИЯ ОБ ОТВЕТСТВЕННОСТИ | |
| Основное заглавие | Интенсивная терапия |
| Сведения, относящиеся к заглавию | избранная поэзия 1956-2010 |
| Первые сведения об ответственности | Марек Скварницкий |
| Последующие сведения об ответственности | [пер., предисл. и примеч.: Елена Твердислова] |
| 210 ## - ПУБЛИКАЦИЯ, РАСПРОСТРАНЕНИЕ И ДР. | |
| Место издания, распространения и т.д. | Москва |
| Имя издателя, распространителя и т. д. | Изд-во Францисканцев |
| Дата издания, распространения и т.д. | 2012 |
| 215 ## - ФИЗИЧЕСКАЯ ХАРАКТЕРИСТИКА | |
| Специфическое обозначение материала и объем | 145, [5] с. |
| Размеры | 22 |
| 225 1# - СЕРИЯ | |
| Основное заглавие серии | Серия "Польская христианская поэзия" |
| Сведения об ответственности | редкол.: Игорь Баранов [и др.] |
| 300 ## - ОБЩИЕ ПРИМЕЧАНИЯ | |
| Текст примечания | На тит. л. также: Wybór poezji 1956-2010/ Marek Skwarnicki |
| 300 ## - ОБЩИЕ ПРИМЕЧАНИЯ | |
| Текст примечания | Текст парал. на пол. и рус. яЗ. |
| 517 1# - ДРУГИЕ ВАРИАНТЫ ЗАГЛАВИЯ | |
| Связь между полями | z22790 |
| Вариант заглавия | Wybór poezji 1956-2010 |
| Язык заглавия | польский |
| 686 1# - ИНДЕКСЫ ДРУГИХ КЛАССИФИКАЦИЙ | |
| Индекс | Ш6(4П)77-5я44(Лх1129-175) |
| 700 #1 - ИМЯ ЛИЦА - ПЕРВИЧНАЯ ОТВЕТСТВЕННОСТЬ | |
| Начальный элемент ввода | Скварницкий |
| Часть имени, кроме начального элемента ввода | М. |
| Расширение инициалов личного имени | Марек |
| Код отношения | Автор |
| 790 #1 - ИМЯ ЛИЦА - АЛЬТЕРНАТИВНАЯ ФОРМА | |
| Связь между полями | z22517 |
| Начальный элемент ввода | Skwarnicki |
| Часть имени, кроме начального элемента ввода | M. |
| Даты | Marek |
| Код отношения | Автор |
| 801 #0 - ИСТОЧНИК ЗАПИСИ | |
| Страна | российская федерация |
| Организация | NLR |
| Дата составления | 20130524 |
| Правила каталогизации | RCR |
| 801 #1 - ИСТОЧНИК ЗАПИСИ | |
| Страна | российская федерация |
| Организация | NLR |
| Дата составления | 20130524 |
| 942 ## - ДОПОЛНИТЕЛЬНЫЕ ЭЛЕМЕНТЫ ЗАПИСИ (АБИС) | |
| Тип экземпляра АБИС | Книга |
| 980 ## - КОЛЛЕКЦИЯ | |
| Название коллекции | НБР |
Нет доступных экземпляров.